Dido and Aeneas, King Arthur, Dioclesian, Timon of Athens, 3 Odes : Dido and Aeneas, King Arthur /
Considerado por los expertos como el padre de la ópera inglesa (Londres?, 1659 - Westminster, 1695), Henry Purcell estudió con Henry Cooke y Pelham Humfrey en la Capilla Real, y posteriormente con John Blow. A los 20 años fue nombrado organista de la Abadía de Westminster y en 1682 se convirtió en u...
Gespeichert in:
| 1. Verfasser: | |
|---|---|
| Körperschaften: | , |
| Weitere Verfasser: | , , , , , , , , , , , , , , , , , , , |
| Format: | Audio |
| Sprache: | Englisch |
| Veröffentlicht: |
Hamburgo, Alemania :
Deutsche Grammophon,
c1989-1992
|
| Schriftenreihe: | (Collectors Edition)
(Archiv Produktion) |
| Schlagworte: | |
| Tags: |
Keine Tags, Fügen Sie das erste Tag hinzu!
|
MARC
| LEADER | 00000njm^a2200000^a^4500 | ||
|---|---|---|---|
| 001 | 000189453 | ||
| 005 | 20250521000000.0 | ||
| 009 | 20260310102415.115 | ||
| 037 | |a Acervo ITESO - Biblioteca | ||
| 041 | |a SON | ||
| 041 | |a ING | ||
| 082 | |a 784. 04 |b PUR HEN V. 1 | ||
| 100 | |a Purcell, Henry |e (música) | ||
| 240 | 1 | 1 | |a [Dido and Aeneas, King Arthur, Dioclesian, Timon of Athens, 3 Odes] |
| 240 | 1 | 1 | |a [Dido y Eneas] |
| 240 | 1 | 4 | |a [El rey Arturo, de Henry Purcell] |
| 245 | 1 | 0 | |a Dido and Aeneas, King Arthur, Dioclesian, Timon of Athens, 3 Odes : |b Dido and Aeneas, King Arthur / |c Música de H. Purcell ; libreto de N. Tate, J. Dryden ; ejecución musical de The English Concert, The English Concert (Choir) ; violín S. Standage, M. Huggett ; dir. musical y clavicémbalo T. Pinnock. |
| 264 | 4 | |a Hamburgo, Alemania : |b Deutsche Grammophon, |c c1989-1992 | |
| 300 | |a 1 disco compacto sonoro (74 min.) | ||
| 336 | |a música interpretada |b prm |2 rdacontenido | ||
| 337 | |a audio |b s |2 rdamedio | ||
| 338 | |a disco sonoro |b sd |2 rdasoporte | ||
| 440 | 1 | |a (Collectors Edition) | |
| 440 | 1 | |a (Archiv Produktion) | |
| 500 | |a Basado en: Virgilio | ||
| 520 | |a Considerado por los expertos como el padre de la ópera inglesa (Londres?, 1659 - Westminster, 1695), Henry Purcell estudió con Henry Cooke y Pelham Humfrey en la Capilla Real, y posteriormente con John Blow. A los 20 años fue nombrado organista de la Abadía de Westminster y en 1682 se convirtió en uno de los organistas de la Capilla Real. Tras una etapa inicial con apego a las formas musicales previas, pronto la obra de Purcell mostró recursos armónicos nuevos y brillantes, con la fuerza y el tono patético que perfilaría el barroco; la crítica habla de su genialidad para incorporar elementos estilísticos italianos y franceses y generar a partir de ellos el barroco inglés. Autor de las óperas Dido y Eneas -calificada como la cima de la ópera inglesa-, Dioclesiano, El rey Arturo, La reina de las hadas, La reina india y La tempestad; compuso también 15 himnos enteros y 50 versados, más de 20 odas -entre ellas una a Santa Cecilia-, cerca de 40 obras para teatro, música sacra, cantatas, duetos y canciones. | ||
| 649 | |a XX | ||
| 650 | |a Opera - |z Inglaterra | ||
| 650 | |a Música para Representación - |z Inglaterra | ||
| 650 | |a Música en el Teatro - |z Inglaterra | ||
| 650 | |a Música Vocal - |z Inglaterra | ||
| 650 | |a Música Barroca - |z Inglaterra | ||
| 650 | |a Música de Concierto - |z Inglaterra | ||
| 650 | |a Música Inglesa - |y Siglo XVII | ||
| 650 | |a Mitología Latina en la Música | ||
| 650 | |a Inglaterra - |x Historia - |y Período Antiguo, 600 a.C.-1066 d.C | ||
| 650 | |a Arturo, |c Rey de Inglaterra en la Música | ||
| 740 | 0 | |a Dido and Aeneas / |c Música de H. Purcell ; libreto de N. Tate ; ejecución musical de The English Concert, The English Concert (Choir) ; violín S. Standage ; soprano L. Dawson, E. Priday, C. Hall, S. Leonard, K. Amps ; mezzo-soprano A.S. von Otter ; tenor S. Varcoe, N. Rogers ; dir. musical y clavicémbalo T. Pinnock. | |
| 740 | 0 | |a King Arthur : |b First Music, Chaconne; Second Music, Overture; Second Music, Air; Act I / |c Música de H. Purcell ; libreto de J. Dryden ; ejecución musical de The English Concert, The English Concert (Choir) ; violín M. Huggett ; soprano N. Argenta, L. Perillo, J. Gooding ; tenor J. MacDougall, M. Tucker ; barítono B. Bannatyne-Scott, G. Finley ; dir. musical y clavicémbalo T. Pinnock. | |
| 710 | |a The English Concert |e (ejecución musical) | ||
| 710 | |a The English Concert (Choir) |e (ejecución musical) | ||
| 700 | |a Tate, Nahum |e (libreto) | ||
| 700 | |a Dryden, John |e (libreto) | ||
| 700 | |a Standage, Simon |e (ejecución musical) | ||
| 700 | |a Huggett, Monica |e (ejecución musical) | ||
| 700 | |a Dawson, Lynne |e (voz) | ||
| 700 | |a Priday, Elisabeth |e (voz) | ||
| 700 | |a Hall, Carol |e (voz) | ||
| 700 | |a Leonard, Sarah |e (voz) | ||
| 700 | |a Amps, Kym |e (voz) | ||
| 700 | |a Otter, Anne Sofie von |e (voz) | ||
| 700 | |a Varcoe, Stephen |e (voz) | ||
| 700 | |a Rogers, Nigel |e (voz) | ||
| 700 | |a Argenta, Nancy |e (voz) | ||
| 700 | |a Perillo, Linda |e (voz) | ||
| 700 | |a Gooding, Julia |e (voz) | ||
| 700 | |a MacDougall, Jamie |e (voz) | ||
| 700 | |a Tucker, Mark |e (voz) | ||
| 700 | |a Bannatyne-Scott, Brian |e (voz) | ||
| 700 | |a Finley, Gerald |e (voz) | ||
| 700 | |a Pinnock, Trevor |e (dirección y ejecución musical) | ||
| 910 | |a Fondo General | ||
| 920 | |a Sonoros - CDs | ||
| 940 | |a CDs de Música | ||
| 905 | |a 401 | ||
| 901 | |a 0500144824 |b IT2 |c CDM |u 20250521 | ||
| 902 | |a https://opac.biblio.iteso.mx/vufind/Record/000189453 | ||